| 000 | 005820000a22001810004500 | ||
|---|---|---|---|
| 003 | LK-CoMWRAF | ||
| 005 | 20240527110845.0 | ||
| 008 | 230817t ||||| |||| 00| 0 eng d | ||
| 040 |
_aLK-CoMWRAF _dLK-CoMWRAF _eLK-CoMWRAF |
||
| 041 | _aeng | ||
| 082 |
_a371.12 _bEDU |
||
| 245 |
_aEducation for conflict resolution: _bteacher's guide for primary grades |
||
| 260 |
_a[Colombo]: _b Department of Primary Education, National Institute of Education, _c[n.d.] |
||
| 300 | _a43 p. | ||
| 650 | _aCONFLICT RESOLUTION-Education | ||
| 650 | _aConflict resolution-guide books | ||
| 942 | _cBK | ||
| 999 |
_c2330 _d2330 |
||